Guide to Clinical Obstetrics and Gynaecology (Record no. 154991)

MARC details
000 -LEADER
fixed length control field 00394nam a2200145Ia 4500
008 - FIXED-LENGTH DATA ELEMENTS--GENERAL INFORMATION
fixed length control field 230411s9999 xx 000 0 und d
020 ## - INTERNATIONAL STANDARD BOOK NUMBER
International Standard Book Number 81 7381 165 2
041 ## - LANGUAGE CODE
Language code of text/sound track or separate title eng
082 ## - DEWEY DECIMAL CLASSIFICATION NUMBER
Classification number OG/618.207/DUT/B04296
100 ## - MAIN ENTRY--PERSONAL NAME
Personal name Dutta D C
245 ## - TITLE STATEMENT
Title Guide to Clinical Obstetrics and Gynaecology
260 ## - PUBLICATION, DISTRIBUTION, ETC. (IMPRINT)
Name of publisher, distributor, etc. New Central Book Agency
Place of publication, distribution, etc. Kolkata
Date of publication, distribution, etc. 1996
300 ## - PHYSICAL DESCRIPTION
Extent 525p
Holdings
Withdrawn status Lost status Damaged status Not for loan Collection code Home library Current library Date acquired Vendor Cost, normal purchase price Bill number Total Checkouts Full call number Barcode Date last seen Cost, replacement price Bill Date Koha item type Original Barcode
        Gynecology Smt. Bakul Tambat Institute of Nursing Education Smt. Bakul Tambat Institute of Nursing Education 21/11/2007 B.J.Medical Co-oprative College Stores 295.00 1595   OG 618.207 DUT B04296 BTIN-BK-4296 11/04/2023 207.00 21/11/2007 Books B04296